Let's talk about drug abuse: some questions and answers
| Otros Autores: | ; |
|---|---|
| Tipo de documento: | Print Libro |
| Lenguaje: | Inglés |
| Publicado: |
Rockville, Md.
National Institute on Drug Abuse
1979
|
| En: |
DHEW publication / ADM (78-706)
Año: 1979 |
| Edición: | rev. ed. |
| Disponibilidad en Tübingen: | Disponible en Tübingen. UB: KB 3 E 38 |
| Verificar disponibilidad: | HBZ Gateway |
| Servicio de pedido Subito: | Pedir ahora. |
MARC
| LEADER | 00000cam a22000002c 4500 | ||
|---|---|---|---|
| 001 | 1096936704 | ||
| 003 | DE-627 | ||
| 005 | 20230427024700.0 | ||
| 007 | tu | ||
| 008 | 920115s1979 xx ||||| 00| ||eng c | ||
| 035 | |a (DE-627)1096936704 | ||
| 035 | |a (DE-576)026936704 | ||
| 035 | |a (DE-599)BSZ026936704 | ||
| 035 | |a (OCoLC)15255568 | ||
| 040 | |a DE-627 |b ger |c DE-627 |e rakwb | ||
| 041 | |a eng | ||
| 245 | 0 | 0 | |a Let's talk about drug abuse |b some questions and answers |c Susan B. Lachter and Rachel Weisman, rev. eds. |
| 250 | |a rev. ed. | ||
| 264 | 1 | |a Rockville, Md. |b National Institute on Drug Abuse |c 1979 | |
| 300 | |a V, 40 S. | ||
| 336 | |a Text |b txt |2 rdacontent | ||
| 337 | |a ohne Hilfsmittel zu benutzen |b n |2 rdamedia | ||
| 338 | |a Band |b nc |2 rdacarrier | ||
| 490 | 1 | |a DHEW publication |a ADM |v 78-706 | |
| 500 | |a Rev. of: "Questions and answers" | ||
| 583 | 1 | |a Archivierung prüfen |c 20200919 |f DE-640 |z 1 |2 pdager | |
| 700 | 1 | |a Lachter, Susan B. |4 oth | |
| 700 | 1 | |a Weisman, Rachel |4 oth | |
| 810 | 2 | |a USA |b Department of Health, Education, and Welfare |t DHEW publication / ADM |v 78-706 |9 78-706 |w (DE-627)108397520X |w (DE-576)01397520X |7 am | |
| 951 | |a BO | ||
| ELC | |b 1 | ||
| LOK | |0 000 xxxxxcx a22 zn 4500 | ||
| LOK | |0 001 2178382827 | ||
| LOK | |0 003 DE-627 | ||
| LOK | |0 004 1096936704 | ||
| LOK | |0 005 20020606000000 | ||
| LOK | |0 008 920115||||||||||||||||ger||||||| | ||
| LOK | |0 040 |a DE-21 |c DE-627 |d DE-21 | ||
| LOK | |0 852 |a DE-21 | ||
| LOK | |0 852 1 |c KB 3 E 38 |9 00 | ||
| LOK | |0 935 |a krim | ||
| LOK | |0 936ln |a k9.7.4 | ||
| LOK | |0 939 |a 15-01-92 |b l01 | ||
| ORI | |a SA-MARC-krimdoka001.raw | ||
| SIG | |a UB: KB 3 E 38 | ||
